Регионална библиотека "Любен Каравелов" - Русе

Български хроники (Запис номер 71438)

MARC детайли
000 -Лидер
Контролно поле с фиксирана дължина 02050nam a2200505 c 4500
003 - Код на организацията, давaща контролен номер
Контролно поле BLK
005 - Дата и час на последна редакция
Контролно поле 20250426094940.0
008 - Елементи от данни с фиксирана дължина
fixed length control field 180408b bul|||||r ||||||| ||bul||
010 ## - Наследен системен номер
LC control number KNG00075808000
020 ## - Международен стандартен номер на книга ISBN
Международен стандартен номер на книга ISBN 978-954-528-728-2
020 ## - Международен стандартен номер на книга ISBN
Международен стандартен номер на книга ISBN 978-954-528-731-2
020 ## - Международен стандартен номер на книга ISBN
Международен стандартен номер на книга ISBN 978-954-491-338-0
020 ## - Международен стандартен номер на книга ISBN
Международен стандартен номер на книга ISBN 978-954-491-340-3
040 ## - Източник на каталожния запис
Идентификатор на билиотеката - собственик на записа BLK
041 ## - Код за език
Код за езика на текст/звукозапис или на отделно заглавие Български
Код за езика КДБФ Български
072 #7 - Код за тематичната категория
Код организация bullib
Код за тематична категория К
Текст Краезнание
080 ## - УДК
Текстов определител УДК Българска литература
УДК код - определител по УДК 821.163.2
УДК определител -94
УДК - код + определител 821.163.2-94
080 ## - УДК
УДК код - определител по УДК 949.72.033/.04
УДК определител (0:82-94)
УДК - код + определител 949.72.033/.04(0:82-94)
100 1# - Редна дума - Автор
Автор Цанев, Стефан Неделчев
Дати, свързани с автора 1936-
Автор - информация (биография) Писател, поет, драматург.
R(LIN) 364639
139 ## - Редно поле
Редна дума Цанев, Стефан Неделчев
Авторски знак Цан - Ц 16
245 10 - Сведения за заглавието
Заглавие Български хроники
Подзаглавни данни Поема : Т. 1 -
Редно поле (дума) Стефан Неделчев Цанев.
Том Т. 2
Заглавие на том 1453 - 1878
257 ## - Страна на издаване
Страна на създаване/издаване България
260 ## - Област на издателските данни
Година на издаване 2006 -
Печатница Пловдив : Жанет 45
300 ## - Физическа характеристика
Размери/Мащаб 21 см
380 ## - Жанр
Жанр Худож. лит.
500 ## - Общи забележки
Забележка Офс. изд.
650 #0 - Допълнително описание по предмет – тема
Основно описание – тема или топоним България - история
9 (RLIN) 244493
651 #4 - Допълнително описание по предмет - топоним
Географско понятие България
9 (RLIN) 241624
653 ## - Ключова дума – ненормативна
Ключова дума българска история
653 ## - Ключова дума – ненормативна
Ключова дума Средновековие
653 ## - Ключова дума – ненормативна
Ключова дума феодализъм
653 ## - Ключова дума – ненормативна
Ключова дума османско владичество
653 ## - Ключова дума – ненормативна
Ключова дума Възраждане
653 ## - Ключова дума – ненормативна
Ключова дума освободителни борби
659 ## - Тематичен бюлетин
Тематичен бюлетин К
760 1# - Описание на основната серия
Редна дума на основното описание Цанев, Стефан Неделчев
Място на издаване, издател и година Труд, Жанет 45, 2007
Страници - том 344 с.
Забележка - том Кор. загл. Български хроники : История на нашия народ от 1453 г. пр. Хр. до 1878 г. сл. Хр. - Т. 2 вкл. кн. 3. - Съдържа и Кратка хронология.
Заглавие Т. 2 1453 - 1878
852 ## - Местоположение
Форматна сигнатура Цб 228226
852 ## - Местоположение
Форматна сигнатура К 821.163.2/Ц 16 С
856 4# - Електронен адрес и достъп
Електронен формат pdf - файл
856 4# - Електронен адрес и достъп
Електронен формат pdf - файл
999 ## - СИСТЕМНИ КОНТРОЛНИ НОМЕРА
Koha biblionumber 71438
Koha biblioitemnumber 71438
942 ## - АРТИКУЛИ
Вид на библиотечния материал Книги
Скрит в OPAC Не
Koha issues (borrowed), all copies 26
Периодичен библиозапис Да
944 ## - СЪЗДАВАНЕ И РЕДАКЦИЯ на ЗАПИСА
Създаване/Редакция Създаване
Дата на регистрацията/редакция 20.06.2007
Статус, дата на статуса Севдалина Тодорова
Служител, извършил регистрацията/редакцията 30540
944 ## - СЪЗДАВАНЕ И РЕДАКЦИЯ на ЗАПИСА
Създаване/Редакция Редакция
Дата на регистрацията/редакция 09.12.2011
Статус, дата на статуса ф /
999 ## - СИСТЕМНИ КОНТРОЛНИ НОМЕРА
Koha biblioitemnumber 71438
Наличности
Код за отписване Код за изгубен артикул Източник на класификационната схема Код за повреда Коз за рестрикции Код за отдаване Артикулен № Име на библиотеката - собственик Име на библиотеката, в която се намира в момента Статус (Текущо местоположение) Дата на вписване в системата Местоположение - отдел Цена в лева Инвентарен номер Систематично азбучна сигнатура Баркод Номер на екземпляра Цена в евро Служебна бележка Служебен тип на артикула Бележка за публиката
  Не е изгубен Universal Decimal Classification Не е повреден без рестрикции заемане за дома 116635 Регионална библиотека "Любен Каравелов" Русе Регионална библиотека "Любен Каравелов" Русе Заемна - подръчен фонд 2007-06-19 Заемна - подръчен фонд 14.99 120000714669 П 886.7-9/Ц 16 120000714669 1 7.66 Дост: Pk Вид: Ф N: 141 Дата: 19.06.2007 Дата инв: 09.02.2018 Бележки инв: П2018 Книги  
  Не е изгубен Universal Decimal Classification Не е повреден без рестрикции заемане за дома 116636 Регионална библиотека "Любен Каравелов" Русе Регионална библиотека "Любен Каравелов" Русе Заемна - подръчен фонд 2007-08-16 Заемна - подръчен фонд 14.99 120000716695 П 821.163.2-39/Ц 16 С 120000716695 2 7.66 Дост: Pk Вид: Ф N: 7450 Дата: 14.08.2007 Книги  
Изтеглен Не е изгубен   Не е повреден без рестрикции заемане за дома 116637 Регионална библиотека "Любен Каравелов" Русе Регионална библиотека "Любен Каравелов" Русе   2007-08-16 Заемна - подръчен фонд 14.99 120000716696 П 886.7-9/Ц 16 120000716696 3 7.66 Дост: Pk Вид: Ф N: 7450 Дата: 14.08.2007 Книги Отч.N: 50/2017 , Дата: 10.10.2017
  Не е изгубен   Не е повреден без рестрикции ползва се в читалня 116638 Регионална библиотека "Любен Каравелов" Русе Регионална библиотека "Любен Каравелов" Русе Хранилище 2008-01-23 Хранилище 14.99 120000722371 Цб 228226 120000722371 4 7.66 Дост: Dp Вид: Д N: 41 Дата: 20.09.2007 Книги  
  Не е изгубен Universal Decimal Classification Не е повреден без рестрикции ползва се в читалня 116639 Регионална библиотека "Любен Каравелов" Русе Регионална библиотека "Любен Каравелов" Русе Краезнание 2008-10-15 Краезнание 14.99 120000730447 К 821.163.2/Ц 16 С 120000730447 5 7.66 Дост: Pk Вид: Ф N: 8703 Дата: 14.10.2008 Дата инв: 08.11.2017 Бележки инв: К2017 Книги  
Vip Innovations Ltd, Rousse, Bulgaria 2025